<?xml version="1.0" encoding="UTF-8"?>
<collection xmlns="http://www.loc.gov/MARC21/slim">
 <record>
  <leader>01824nam a22002657a 4500</leader>
  <controlfield tag="001">NCT_134821</controlfield>
  <controlfield tag="008">201002b        xxu||||| |||| 00| 0 vie d</controlfield>
  <datafield tag="999" ind1=" " ind2=" ">
   <subfield code="c">6952</subfield>
   <subfield code="d">6952</subfield>
  </datafield>
  <datafield tag="020" ind1=" " ind2=" ">
   <subfield code="a">9786049469022</subfield>
   <subfield code="c">199000</subfield>
  </datafield>
  <datafield tag="082" ind1="0" ind2="4">
   <subfield code="2">23rd ed.</subfield>
   <subfield code="a">658.4063</subfield>
   <subfield code="b">Đ452M</subfield>
  </datafield>
  <datafield tag="245" ind1="0" ind2="0">
   <subfield code="a">Đổi mới sáng tạo = </subfield>
   <subfield code="b">On innovation : Sáu ngộ nhận trong phát triển sản phẩm</subfield>
   <subfield code="c">Roger L. Martin,... [et.al] ; An Lê, Hải Minh (dịch)</subfield>
  </datafield>
  <datafield tag="260" ind1=" " ind2=" ">
   <subfield code="a">H.</subfield>
   <subfield code="b">Đại học Kinh tế Quốc dân</subfield>
   <subfield code="c">2020</subfield>
  </datafield>
  <datafield tag="300" ind1=" " ind2=" ">
   <subfield code="a">158 tr.</subfield>
   <subfield code="b">Minh họa</subfield>
   <subfield code="c">27cm</subfield>
  </datafield>
  <datafield tag="490" ind1="0" ind2=" ">
   <subfield code="a">Harvard business review</subfield>
  </datafield>
  <datafield tag="500" ind1=" " ind2=" ">
   <subfield code="a">Tựa gốc: HBR's Must Read on innovation</subfield>
  </datafield>
  <datafield tag="520" ind1=" " ind2=" ">
   <subfield code="a">Sách là tuyển tập các bài viết  Những tác nhân đổi mới sáng tạo; Hãy ngừng cuộc chiến không cần thiết;........trên tạp chí Harvard Business Review về chủ đề đổi mới sáng tạo. Nhóm tác giả vẫn luôn nhận thấy lý do mà các công ty hoạt động lâu năm thất bại trong việc đổi mới là vì những nhà quản lý không có những công cụ tốt giúp họ hiểu về thị trường, xây dựng thương hiệu, tìm kiếm khách hàng, lựa chọn nhận viên, tổ chức đội ngũ và phát triển chiến lược.</subfield>
  </datafield>
  <datafield tag="653" ind1=" " ind2=" ">
   <subfield code="a">Quản trị kinh doanh</subfield>
  </datafield>
  <datafield tag="700" ind1="1" ind2=" ">
   <subfield code="a">Martin, Roger L. </subfield>
  </datafield>
  <datafield tag="700" ind1="1" ind2=" ">
   <subfield code="a">Govindarajan, Vijay </subfield>
  </datafield>
  <datafield tag="700" ind1="1" ind2=" ">
   <subfield code="a">Trimble, Chris </subfield>
  </datafield>
  <datafield tag="700" ind1="1" ind2=" ">
   <subfield code="a">An Lê</subfield>
   <subfield code="e">Dịch</subfield>
  </datafield>
  <datafield tag="700" ind1="1" ind2=" ">
   <subfield code="a">Hải Minh</subfield>
   <subfield code="e">Dịch</subfield>
  </datafield>
  <datafield tag="942" ind1=" " ind2=" ">
   <subfield code="2">ddc</subfield>
   <subfield code="c">BK</subfield>
  </datafield>
  <datafield tag="952" ind1=" " ind2=" ">
   <subfield code="0">0</subfield>
   <subfield code="1">0</subfield>
   <subfield code="2">ddc</subfield>
   <subfield code="4">0</subfield>
   <subfield code="6">658_406300000000000_Đ452M</subfield>
   <subfield code="7">0</subfield>
   <subfield code="9">24866</subfield>
   <subfield code="a">000001</subfield>
   <subfield code="b">000001</subfield>
   <subfield code="d">2022-06-04</subfield>
   <subfield code="o">658.4063 Đ452M</subfield>
   <subfield code="p">MD.19539</subfield>
   <subfield code="r">2022-06-04</subfield>
   <subfield code="v">199000.00</subfield>
   <subfield code="w">2022-06-04</subfield>
   <subfield code="y">BK</subfield>
  </datafield>
  <datafield tag="980" ind1=" " ind2=" ">
   <subfield code="a">Thư viện Trường Đại học Nam Cần Thơ</subfield>
  </datafield>
 </record>
</collection>
